| 000 | 01283nam a22002777a 4500 | ||
|---|---|---|---|
| 001 | 5797 | ||
| 003 | FISKH | ||
| 005 | 20250331092401.0 | ||
| 008 | 250122b cb ||||| |||| 00| 0 eng d | ||
| 020 | _a9781584768241 | ||
| 040 |
_aFISKH _beng _cFISKH _dFISKH |
||
| 050 | _aPZ7 | ||
| 082 | _a810 | ||
| 100 | _aGaydos, Nora | ||
| 245 |
_aNir. read It. write It. draw It: _bThe neat pig / _cWritten by Nora Gaydos ; Illustrated by Electric Ink Studio |
||
| 260 |
_aNorwalk : _bInnovative Kids, _c2008. |
||
| 300 |
_a32 pages : _bcolor illustrations ; _c23 cm |
||
| 490 |
_aNow i'm reading : _vLevel 2 |
||
| 505 | _aA | ||
| 520 | _aThis extension of the award-winning, best-selling series by acclaimed author Nora Gaydos, engages kids in an entertaining, hands-on reading, writing, and drawing experience! Reading and writing naturally go hand-in-hand, but the Read it - Write it - Draw it series goes a step further! The third component, drawing, lets kids exercise their imaginations as they add their own creative touch to the story. Pig wants to be clean, but will his mom and dad ever understand? | ||
| 521 | 8 |
_a70
_bLexile estimate |
|
| 521 | 8 |
_aA
_bRaz-Plus |
|
| 650 |
_aChildren's Fantasy _vYoung Readers _xReader Pigs |
||
| 942 |
_2ddc _cBK _n0 |
||
| 999 |
_c5797 _d5797 |
||